000 00394nam a22001697a 4500
005 20160530104101.0
008 160530b xxu||||| |||| 00| 0 eng d
020 _a81-7866-783-5
041 _aeng
082 _b5981
100 _aNair Suja R
_91480
245 _aConsumer Behaviour in Indian perspective
260 _bHPH
_c2004
300 _a537
650 _aManagement
_9241
942 _cBK
999 _c2110
_d2109